| 000 | 00526nam a2200193Ia 4500 | ||
|---|---|---|---|
| 001 | 12517 | ||
| 003 | GE_BSU | ||
| 008 | 181216s||||||||xx |||||||||||||| ||und|| | ||
| 040 | _cGE_BSU | ||
| 080 | _aპერიოდიკა | ||
| 245 | _aТур бизнес Технологии №9 Сентябрь 2014 | ||
| 245 | _bDestinations | ||
| 245 | _cГл.ред. А. Попов | ||
| 260 | _aМосква | ||
| 260 | _c2014 | ||
| 300 | _a24стр.28см. | ||
| 653 | _aТурбизнес=Travel trade russia | ||
| 942 | _cCR | ||
| 999 |
_c45690 _d45690 |
||